书目信息 |
| 题名: |
电影中的历史传奇
|
|
| 作者: | 谭慧 , 洪帆 编著 ;杨姗姗 译 | |
| 分册: | ||
| 出版信息: | 北京 外文出版社 2008.01 |
|
| 页数: | 263页 | |
| 开本: | 21cm | |
| 丛书名: | ||
| 单 册: | ||
| 中图分类: | H319.4:K | |
| 科图分类: | ||
| 主题词: | 英语--ying yu--汉语--对照读物 , 历史--li shi--传奇--英、汉--世界--对照读物 | |
| 电子资源: | ||
| ISBN: | 978-7-119-05511-4 | |
| 000 | 01059nam0 2200289 450 | |
| 001 | 012009294359 | |
| 005 | 20090919170443.50 | |
| 010 | @a978-7-119-05511-4@dCNY18.00 | |
| 100 | @a20090919d2008 em y0chiy0120 ea | |
| 101 | 0 | @achi@aeng |
| 102 | @aCN@b110000 | |
| 105 | @ac z 000yy | |
| 106 | @ar | |
| 200 | 1 | @a电影中的历史传奇@Adian ying zhong de li shi chuan qi@d= The real history behind movies dynasty@f谭慧, 洪帆编著@Ftan hui,hong fan bian zhu@g杨姗姗译@Gyang shan shan yi@zeng |
| 210 | @a北京@c外文出版社@d2008.01 | |
| 215 | @a263页@c肖像@d21cm | |
| 300 | @a英文花园 | |
| 330 | @a本书选取历史题材的电影,以年代为体例,介绍与之相关的古代、中世纪以及近代世界各国的历史传奇。 | |
| 510 | 1 | @aReal history behind movies dynasty@zeng |
| 606 | 0 | @a英语@Aying yu@x汉语@j对照读物 |
| 606 | 0 | @a历史@Ali shi@x传奇@x英、汉@y世界@j对照读物 |
| 690 | @aH319.4:K@v4 | |
| 701 | 0 | @a谭慧@Atan hui@4编著 |
| 701 | 0 | @a洪帆@Ahong fan@4编著 |
| 702 | 0 | @a杨姗姗@Ayang shan shan@4译 |
| 801 | 0 | @aCN@bQSSK@c20090919 |
| 905 | @b757580-84@dH319.4:K@eT103@f5 | |
| 电影中的历史传奇= The real history behind movies dynasty/谭慧, 洪帆编著/杨姗姗译.-北京:外文出版社,2008.01 |
| 263页:肖像;21cm |
| 英文花园 |
| ISBN 978-7-119-05511-4:CNY18.00 |
| 本书选取历史题材的电影,以年代为体例,介绍与之相关的古代、中世纪以及近代世界各国的历史传奇。 |
| ● |
| 相关链接 |
|
|
|
正题名:电影中的历史传奇
索取号:H319.4:K/T103
 
预约/预借
| 序号 | 登录号 | 条形码 | 馆藏地/架位号 | 状态 | 备注 |
| 1 | 757580 | 207575809 | 语言库209/209语言库 56排7列6层/ [索取号:H319.4:K/T103] | 在馆 | |
| 2 | 757581 | 207575818 | 语言库209/209语言库 56排7列6层/ [索取号:H319.4:K/T103] | 在馆 | |
| 3 | 757582 | 207575827 | 语言库209/209语言库 56排7列6层/ [索取号:H319.4:K/T103] | 在馆 | |
| 4 | 757583 | 207575836 | 自科二线504/504自科库 46排6列1层/ [索取号:H319.4:K/T103] | 在馆 | |
| 5 | 757584 | 207575845 | 语言库209/209语言库 56排7列6层/ [索取号:H319.4:K/T103] | 在馆 |